000
00255nam a2200109 a 4500
005
20140414132030.0
008
110317s19uu xx 00 eng d
050
_a
TR
_b
P81 1987
100
_a
Depaola, Tomie
245
_a
The popcorn book.
999
_c
113614
_d
113614